000 00543nam a2200181Ia 4500
008 090123s9999 xx 000 0 und d
082 _b37661
100 _aकणेकर शिरिष मधुकर
245 _aमखलाशी
250 _a1
260 _bराजा प्रकाशन
_c2004
300 _a163
600 _aकणेकर शिरिष मधुकर
630 _aमखलाशी
700 _aकणेकर शिरिष मधुकर
730 _aमखलाशी
942 _cBOOK
999 _c75729
_d75729